[Event "Netanya Open 2019"]
[Site "Netanya"]
[Date "2019.06.27"]
[Round "5.67"]
[White "Sivan, Guy"]
[Black "Ben Hemo, Guy"]
[Result "1-0"]
[WhiteElo "1246"]
[BlackElo "1453"]
[PlyCount "78"]
[EventDate "2019.06.23"]
[EventType "swiss"]
[EventRounds "9"]
[EventCountry "ISR"]
[TimeControl "40/5400+30:1800+30"]

1. e4 c5 2. d4 cxd4 3. c3 dxc3 4. Nxc3 d6 5. Bc4 Nf6 6. Bf4 e5 7. Bd2 Be7 8. Nf3 O-O 9. O-O Nxe4 10. Nxe4 d5 11. Nxe5 dxc4 12. Nxc4 Qd4 13. Qe2 Be6 14. Rac1 Nc6 15. Rfd1 Bxc4 16. Rxc4 Qxb2 17. Qg4 Ne5 18. Qg3 Nxc4 19. Bc3 Qxc3 20. Nxc3 Rad8 21. Nd5 Bd6 22. Qb3 Nb6 23. Ne3 Bc7 24. g3 h6 25. Nf5 Rxd1+ 26. Qxd1 Rd8 27. Qb3 Rd7 28. Qe3 Kf8 29. Qc5+ Kg8 30. Qc3 f6 31. Qb3+ Kh7 32. Qe6 Be5 33. Ne7 Rd8 34. Qf5+ Kh8 35. Ng6+ Kg8 36. Qe6+ Kh7 37. Nxe5 fxe5 38. Qxe5 Rd2 39. Qa5 Nd5 1-0

[Event "Netanya Open 2019"]
[Site "Netanya"]
[Date "2019.06.27"]
[Round "5.68"]
[White "Mendler, Omer"]
[Black "Khairova, Evelina"]
[Result "1-0"]
[WhiteElo "1231"]
[BlackElo "1501"]
[PlyCount "57"]
[EventDate "2019.06.23"]
[EventType "swiss"]
[EventRounds "9"]
[EventCountry "ISR"]
[TimeControl "40/5400+30:1800+30"]

1. e4 e6 2. d4 d5 3. exd5 exd5 4. Nf3 Nf6 5. c3 Bd6 6. Bd3 O-O 7. O-O h6 8. h3 Re8 9. Be3 Bd7 10. Qb3 Qc8 11. Re1 Nc6 12. Nbd2 Rb8 13. c4 Be6 14. c5 Be7 15. Qc3 Nd7 16. b4 b6 17. Nf1 Bf6 18. Rab1 b5 19. Qd2 Ne7 20. Ng3 Nf8 21. Nh5 Nd7 22. Nxf6+ Nxf6 23. Bxh6 gxh6 24. Qxh6 Bf5 25. Qg5+ Kf8 26. Qxf6 Bxd3 27. Rxe7 Bg6 28. Rbe1 Rxe7 29. Qh8# 1-0

[Event "Netanya Open 2019"]
[Site "Netanya"]
[Date "2019.06.27"]
[Round "5.69"]
[White "Marques, Don"]
[Black "Friedland, Benzi"]
[Result "0-1"]
[WhiteElo "1179"]
[BlackElo "1189"]
[PlyCount "162"]
[EventDate "2019.06.23"]
[EventType "swiss"]
[EventRounds "9"]
[EventCountry "ISR"]
[TimeControl "40/5400+30:1800+30"]

1. e4 d5 2. exd5 Qxd5 3. Nc3 Qa5 4. d4 Nf6 5. Bd2 c6 6. Ne4 Qb6 7. Nxf6+ gxf6 8. Bc3 Bf5 9. Nf3 Nd7 10. Bd3 Bg6 11. O-O O-O-O 12. Nh4 e6 13. a3 Be7 14. Be2 e5 15. d5 Nc5 16. Bg4+ Kb8 17. Qf3 Be4 18. Qe3 cxd5 19. Qd2 Rhg8 20. Bf5 Rg7 21. Ba5 Qc6 22. Bxd8 Bxd8 23. f3 Bxf5 24. Nxf5 Rg5 25. g4 Qe6 26. Rae1 Qxf5 27. Qxd5 Qc8 28. Rd1 Ne6 29. Qd6+ Bc7 30. Qd7 Rg7 31. Qxc8+ Kxc8 32. Kg2 h5 33. Kh3 Rg5 34. Kh4 Nf4 35. Rf2 Bb6 36. Rfd2 f5 37. Kxg5 hxg4 38. fxg4 fxg4 39. Kxg4 Ne6 40. Rf1 Be3 41. Rd6 Bf4 42. h4 Nd4 43. c3 Nc2 44. Rh1 Ne3+ 45. Kf3 Nc4 46. Rf6 Nd2+ 47. Kg4 Ne4 48. Rxf7 Nf2+ 49. Kf3 Nxh1 50. h5 Ng3 51. Kg4 Ne4 52. Kf5 Nd6+ 53. Kg6 Nxf7 54. Kf5 Nh6+ 55. Ke4 Kc7 56. Kd5 Kb6 57. c4 Nf7 58. b4 a6 59. a4 Bd2 60. a5+ Ka7 61. Ke6 Bh6 62. Kf5 Bf4 63. Ke4 b6 64. c5 bxc5 65. bxc5 Kb7 66. Kf5 Kc6 67. Ke6 Kxc5 68. Kxf7 e4 69. Kf6 e3 70. Kf5 e2 71. Kxf4 e1=Q 72. Kg5 Qe5+ 73. Kg6 Qh8 74. h6 Kb5 75. h7 Kxa5 76. Kf5 Kb4 77. Ke4 Kb3 78. Kd3 a5 79. Kd2 a4 80. Kc1 a3 81. Kb1 Qb2# 0-1

[Event "Netanya Open 2019"]
[Site "Netanya"]
[Date "2019.06.28"]
[Round "6.1"]
[White "Efimenko, Zahar"]
[Black "Antipov, Mikhail Al."]
[Result "1/2-1/2"]
[WhiteElo "2632"]
[BlackElo "2582"]
[Annotator "TA"]
[PlyCount "101"]
[EventDate "2019.06.23"]
[EventType "swiss"]
[EventCountry "ISR"]
[SourceTitle "playchess.com"]
[Source "ChessBase"]
[SourceQuality "1"]

{[%evp 20,101,18,2,24,0,22,11,0,1,20,9,19,10,30,35,38,26,35,28,53,60,51,42,70,73,80,76,74,83,86,78,114,108,122,120,112,58,46,23,17,10,10,14,9,9,9,10,58,35,35,35,35,35,35,35,35,34,35,28,35,35,89,28,28,28,28,18,18,18,18,18,18,8,18,18,18,18,18,18,20,20,20,0]} 1. Nf3 c5 2. c4 g6 3. d4 cxd4 4. Nxd4 Nc6 5. e4 d6 6. Nc3 Nf6 7. Nc2 Bg7 8. Be2 O-O 9. O-O Nd7 10. Bd2 Nc5 11. f3 Be6 {B37: Sicilian: Maroczy Bind with 5...Bg7, sidelines} (11... Bxc3 12. Bxc3 Na4 13. Qd2 f5 14. exf5 Bxf5 15. Ne3 Nxc3 16. bxc3 Rc8 17. f4 Na5 18. Rae1 Rc5 19. Nxf5 gxf5 {1-0 (31) Bocharov,D (2585)-Kokarev,D (2622) Khanty-Mansiysk 2017}) 12. Rb1 a5 13. Nd5 f5 14. exf5 Bxf5 15. Nde3 $146 ({Predecessor:} 15. Bc3 Bxc3 16. bxc3 Bxc2 17. Qxc2 e6 18. Nb6 {0-1 (38) Puccini,J (2046)-Morris,J (2392) Melbourne 2013}) 15... Be6 16. Qe1 Qb6 17. Kh1 Rf7 18. Bc3 Nb4 19. Bxg7 {[#] Threatens to win with Bc3.} Rxg7 20. Nd4 Bf7 21. a3 Nc6 22. Nxc6 bxc6 23. b4 axb4 24. axb4 Ne6 25. Ng4 c5 26. Nh6+ Kh8 27. Bd3 Nd4 28. bxc5 (28. b5 $16) 28... Qxc5 $14 29. Qxe7 (29. Qe3 {looks sharper.} Bg8 30. Rfe1 Rf8 31. Nxg8 Rfxg8 32. Be4) 29... Bxc4 30. Qe3 {And now Bxc4 would win.} Nf5 $1 {[%cal Rf5e3]} 31. Qxc5 dxc5 32. Bxc4 Nxh6 33. g4 Nf7 34. Rb5 Nd6 35. Rxc5 Nxc4 36. Rxc4 {[%mdl 4096] Endgame KRR-KRR} Ra2 37. Rc8+ Rg8 38. Rxg8+ Kxg8 {KR-KR} 39. Kg1 Kf7 40. Rf2 Ra5 {[#]} ({Black should play} 40... Ra4 $14) 41. Kg2 (41. h4 $1 $16) 41... h5 $11 42. h3 hxg4 43. hxg4 g5 {The position is equal.} 44. Rd2 Ra6 45. Kf2 Re6 46. Re2 Rf6 47. Re5 Kg6 48. Ke3 Rf8 49. Re6+ Kg7 50. Rd6 Rf7 51. Re6 {Accuracy: White = 63%, Black = 60%.} 1/2-1/2

[Event "Netanya Open 2019"]
[Site "Netanya"]
[Date "2019.06.28"]
[Round "6.2"]
[White "Svetushkin, Dmitry"]
[Black "Gorodetzky, David"]
[Result "1-0"]
[WhiteElo "2532"]
[BlackElo "2461"]
[Annotator "ChessBase"]
[PlyCount "83"]
[EventDate "2019.06.23"]
[EventType "swiss"]
[EventCountry "ISR"]
[SourceTitle "playchess.com"]
[Source "ChessBase"]
[SourceQuality "1"]
[TimeControl "40/5400+30:1800+30"]

1. e4 {[%emt 0:00:00]} e6 {[%emt 0:01:41]} 2. d4 {[%emt 0:00:08]} d5 {[%emt 0:00:13]} 3. Nc3 {[%emt 0:00:21]} Nf6 {[%emt 0:01:55]} 4. e5 {[%emt 0:00:48]} Nfd7 {[%emt 0:00:04]} 5. f4 {[%emt 0:00:23]} c5 {[%emt 0:00:07]} 6. Nf3 {[%emt 0:00:23]} Nc6 {[%emt 0:00:03]} 7. Be3 {[%emt 0:00:10]} a6 {[%emt 0:00:05]} 8. Qd2 {[%emt 0:00:27]} b5 {[%emt 0:00:08]} 9. a3 {[%emt 0:01:03]} Qb6 {[%emt 0:19:38]} 10. Ne2 {[%emt 0:01:58]} Be7 {[%emt 0:05:49]} 11. dxc5 {[%emt 0:10:57]} Bxc5 {[%emt 0:00:06]} 12. Ned4 {[%emt 0:00:08]} g5 {[%emt 0:19:58]} 13. g3 {[%emt 0:08:55]} g4 {[%emt 0:06:30]} 14. b4 {[%emt 0:02:12]} gxf3 {[%emt 0:03:25]} 15. bxc5 {[%emt 0:01:56]} Qc7 {[%emt 0:00:07]} 16. a4 {[%emt 0:10:53]} bxa4 {[%emt 0:04:05]} 17. Qc3 {[%emt 0:10:36]} Bb7 {[%emt 0:04:53]} 18. Bd3 {[%emt 0:04:27]} Nxd4 {[%emt 0:10:13]} 19. Bxd4 {[%emt 0:00:21]} Bc6 {[%emt 0:05:54]} 20. O-O {[%emt 0:02:18]} Bb5 {[%emt 0:00:01]} 21. Rxf3 {[%emt 0:02:41]} Rc8 {[%emt 0:03:45]} 22. Qb4 {[%emt 0:09:16]} Rb8 {[%emt 0:00:51]} 23. Bxb5 {[%emt 0:04:21]} Rxb5 {[%emt 0:02:33]} 24. Qxa4 {[%emt 0:00:15]} Nxc5 {[%emt 0:00:41]} 25. Rc3 {[%emt 0:06:57]} O-O {[%emt 0:00:09]} 26. Qa3 {[%emt 0:00:05]} Rc8 {[%emt 0:00:06]} 27. f5 {[%emt 0:00:07]} exf5 {[%emt 0:04:28]} 28. Rf1 {[%emt 0:00:36]} Qb6 {[%emt 0:00:58]} 29. Qc1 {[%emt 0:04:27]} Qd8 {[%emt 0:03:03]} 30. Qf4 {[%emt 0:06:33]} Ne6 {[%emt 0:00:49]} 31. Qxf5 {[%emt 0:00:13]} Rb7 {[%emt 0:00:13]} 32. Qg4+ {[%emt 0:02:22]} Kh8 {[%emt 0:00:30]} 33. Rxf7 {[%emt 0:00:41]} Rxf7 {[%emt 0:01:41]} 34. Qxe6 {[%emt 0:00:05]} Rcc7 {[%emt 0:01:24]} 35. Qg4 {[%emt 0:02:55]} Rxc3 {[%emt 0:00:50]} 36. e6+ {[%emt 0:00:28]} Rf6 {[%emt 0:00:09]} 37. Bxc3 {[%emt 0:00:41]} h6 {[%emt 0:00:53]} 38. Qd4 {[%emt 0:04:48]} Kg7 {[%emt 0:00:02]} 39. Qe5 {[%emt 0:01:08]} Qb6+ {[%emt 0:00:57]} 40. Kg2 {[%emt 0:01:05]} Qf2+ {[%emt 0:00:31]} 41. Kh3 {[%emt 0:30:03]} Qf1+ {[%emt 0:15:36]} 42. Kh4 {[%emt 0:00:00]} 1-0

[Event "Netanya Open 2019"]
[Site "Netanya"]
[Date "2019.06.28"]
[Round "6.3"]
[White "Khmelniker, Ilya"]
[Black "Zubov, Alexander"]
[Result "0-1"]
[WhiteElo "2483"]
[BlackElo "2597"]
[Annotator "ChessBase"]
[PlyCount "62"]
[EventDate "2019.06.23"]
[EventType "swiss"]
[EventCountry "ISR"]
[SourceTitle "playchess.com"]
[Source "ChessBase"]
[SourceQuality "1"]
[TimeControl "40/5400+30:1800+30"]

1. d4 {[%emt 0:00:00]} Nf6 {[%emt 0:00:00]} 2. c4 {[%emt 0:00:00]} g6 {[%emt 0:00:00]} 3. Nc3 {[%emt 0:00:03]} d5 {[%emt 0:00:00]} 4. Nf3 {[%emt 0:00:23]} Bg7 {[%emt 0:00:04]} 5. h4 {[%emt 0:00:13]} c6 {[%emt 0:00:05]} 6. cxd5 {[%emt 0:00:06]} cxd5 {[%emt 0:00:05]} 7. Bf4 {[%emt 0:00:05]} Nc6 {[%emt 0:01:11]} 8. e3 {[%emt 0:01:55]} O-O {[%emt 0:00:30]} 9. Qb3 {[%emt 0:00:28]} Na5 {[%emt 0:02:39]} 10. Qa3 {[%emt 0:02:24]} Nc6 {[%emt 0:02:28]} 11. Be2 {[%emt 0:03:25]} Bg4 {[%emt 0:04:05]} 12. Ne5 {[%emt 0:11:36]} Bxe2 {[%emt 0:01:20]} 13. Nxc6 {[%emt 0:00:09]} bxc6 {[%emt 0:00:05]} 14. Nxe2 {[%emt 0:00:06]} Nd7 {[%emt 0:01:02]} 15. Rc1 {[%emt 0:31:46]} e5 {[%emt 0:23:38]} 16. dxe5 {[%emt 0:00:05]} Nxe5 {[%emt 0:01:51]} 17. Bxe5 {[%emt 0:00:48]} Bxe5 {[%emt 0:00:04]} 18. Rxc6 {[%emt 0:00:09]} Re8 {[%emt 0:08:54]} 19. h5 {[%emt 0:11:53]} d4 {[%emt 0:06:28]} 20. hxg6 {[%emt 0:00:37]} hxg6 {[%emt 0:00:29]} 21. Nxd4 {[%emt 0:03:07]} Qd5 {[%emt 0:04:27]} 22. Qb3 {[%emt 0:06:11]} Qxg2 {[%emt 0:02:22]} 23. Rh6 {[%emt 0:18:02]} Kg7 {[%emt 0:02:42]} 24. Qb7 {[%emt 0:02:16]} Qg1+ {[%emt 0:11:01]} 25. Ke2 {[%emt 0:00:01]} Kxh6 {[%emt 0:01:17]} 26. Nf5+ {[%emt 0:01:11]} Kg5 {[%emt 0:05:25]} 27. Nh4 {[%emt 0:04:55]} Qg4+ {[%emt 0:04:43]} 28. f3 {[%emt 0:01:34]} Qxh4 {[%emt 0:00:11]} 29. Qxf7 {[%emt 0:00:23]} Qh2+ {[%emt 0:04:15]} 30. Kf1 {[%emt 0:00:13]} Qh1+ {[%emt 0:00:22]} 31. Kf2 {[%emt 0:00:52]} Bg3+ {[%emt 0:00:14]} 0-1

[Event "Netanya Open 2019"]
[Site "Netanya"]
[Date "2019.06.28"]
[Round "6.4"]
[White "Mikhalevski, Victor"]
[Black "Bronstein, Or"]
[Result "1-0"]
[WhiteElo "2579"]
[BlackElo "2378"]
[Annotator "ChessBase"]
[PlyCount "89"]
[EventDate "2019.06.23"]
[EventType "swiss"]
[EventCountry "ISR"]
[SourceTitle "playchess.com"]
[Source "ChessBase"]
[SourceQuality "1"]
[TimeControl "40/5400+30:1800+30"]

1. Nf3 {[%emt 0:00:00]} c5 {[%emt 0:00:00]} 2. c4 {[%emt 0:00:19]} Nc6 {[%emt 0:00:07]} 3. Nc3 {[%emt 0:00:30]} g6 {[%emt 0:00:30]} 4. e3 {[%emt 0:00:30]} Nf6 {[%emt 0:00:30]} 5. d4 {[%emt 0:00:30]} cxd4 {[%emt 0:00:30]} 6. exd4 {[%emt 0:00:30]} d5 {[%emt 0:00:30]} 7. cxd5 {[%emt 0:00:30]} Nxd5 {[%emt 0:00:30]} 8. Qb3 {[%emt 0:00:30]} e6 {[%emt 0:00:30]} 9. Bb5 {[%emt 0:00:30]} Bg7 {[%emt 0:00:30]} 10. O-O {[%emt 0:00:30]} O-O {[%emt 0:00:30]} 11. Bxc6 {[%emt 0:00:30]} bxc6 {[%emt 0:00:30]} 12. Bd2 {[%emt 0:00:30]} Qb6 {[%emt 0:00:30]} 13. Na4 {[%emt 0:00:30]} Qxb3 {[%emt 0:00:30]} 14. axb3 {[%emt 0:00:30]} Ba6 {[%emt 0:00:30]} 15. Rfc1 {[%emt 0:00:30]} Bb5 {[%emt 0:00:30]} 16. Nc5 {[%emt 0:00:30]} Rfd8 {[%emt 0:00:30]} 17. Ba5 {[%emt 0:00:30]} Re8 {[%emt 0:00:30]} 18. Bd2 {[%emt 0:00:30]} Red8 {[%emt 0:00:30]} 19. Re1 {[%emt 0:00:30]} Nb6 {[%emt 0:00:30]} 20. Ba5 {[%emt 0:00:30]} Rac8 {[%emt 0:00:30]} 21. Bc3 {[%emt 0:00:30]} Ra8 {[%emt 0:00:30]} 22. Ne5 {[%emt 0:00:30]} Rd5 {[%emt 0:00:30]} 23. f4 {[%emt 0:00:30]} h5 {[%emt 0:00:30]} 24. Ra5 {[%emt 0:00:30]} Nc8 {[%emt 0:00:30]} 25. Rea1 {[%emt 0:00:30]} g5 {[%emt 0:00:30]} 26. Na6 {[%emt 0:00:30]} Bxa6 {[%emt 0:00:30]} 27. Rxa6 {[%emt 0:00:30]} c5 {[%emt 0:00:30]} 28. R1a5 {[%emt 0:00:30]} gxf4 {[%emt 0:00:30]} 29. Rxc5 {[%emt 0:00:30]} Ne7 {[%emt 0:00:30]} 30. Nf3 {[%emt 0:00:30]} Rd7 {[%emt 0:00:30]} 31. Rxh5 {[%emt 0:00:30]} Nf5 {[%emt 0:00:30]} 32. Rg5 {[%emt 0:00:30]} Kh7 {[%emt 0:00:30]} 33. Rg4 {[%emt 0:00:30]} Bh6 {[%emt 0:00:30]} 34. Ne5 {[%emt 0:00:30]} Rb7 {[%emt 0:00:30]} 35. d5 {[%emt 0:00:30]} Ne3 {[%emt 0:00:30]} 36. Rh4 {[%emt 0:00:30]} Rg8 {[%emt 0:00:30]} 37. dxe6 {[%emt 0:00:30]} Rxg2+ {[%emt 0:00:30]} 38. Kh1 {[%emt 0:00:30]} Rc2 {[%emt 0:00:30]} 39. Rxh6+ {[%emt 0:00:30]} Kxh6 {[%emt 0:00:30]} 40. exf7+ {[%emt 0:00:30]} Kh7 {[%emt 0:00:30]} 41. Rh6+ {[%emt 0:30:30]} Kxh6 {[%emt 0:30:30]} 42. f8=Q+ {[%emt 0:00:30]} Kh7 {[%emt 0:00:30]} 43. Nd3 {[%emt 0:00:30]} Rd7 {[%emt 0:00:30]} 44. Qh8+ {[%emt 0:00:30]} Kg6 {[%emt 0:00:30]} 45. Qe8+ {[%emt 0:00:30]} 1-0

[Event "Netanya Open 2019"]
[Site "Netanya"]
[Date "2019.06.28"]
[Round "6.5"]
[White "Rechlis, Gad"]
[Black "Korobov, Anton"]
[Result "1/2-1/2"]
[WhiteElo "2506"]
[BlackElo "2687"]
[Annotator "TA"]
[PlyCount "114"]
[EventDate "2019.06.23"]
[EventType "swiss"]
[EventCountry "ISR"]
[SourceTitle "playchess.com"]
[Source "ChessBase"]
[SourceQuality "1"]

{[%evp 13,114,12,14,19,-8,-51,-13,-10,0,-10,-4,-71,-62,-86,-64,-52,-14,-22,-16,-18,-15,-16,-10,-20,-16,-35,-25,-21,-19,-28,-20,-22,-27,-45,-45,-34,-43,-45,-41,-32,-29,-78,-79,-83,-37,-103,-97,-97,-88,-94,-109,-108,-86,-118,-118,-94,-94,-94,-94,-94,-94,-116,-123,-165,0,-10,0,0,0,0,0,0,0,0,0,0,0,0,0,0,0,0,0,0,0,0,0,0,0,0,0,0,0,0,0,0,0,0,0,0,0,0,0]} 1. g3 d5 2. Bg2 c6 3. d3 Nf6 4. Nd2 e5 5. e4 Nbd7 6. Ngf3 Bd6 7. O-O O-O 8. exd5 {B10: Caro-Kann: 2 d3 and 2 c4} (8. Re1 Re8 9. a4 a5 10. h3 Bc7 11. b3 Nf8 12. Bb2 Ng6 13. Nf1 h6 14. N3h2 d4 15. Bc1 b5 16. h4 Bd7 17. h5 {0-1 (40) Maghsoodloo,P (2688)-Vallejo Pons,F (2695) St Petersburg 2018}) 8... cxd5 9. b3 $146 ({Predecessor:} 9. c4 Nc5 10. cxd5 Nxd5 11. Nc4 Bg4 12. h3 Bxf3 13. Qxf3 Nb4 14. Rd1 Nc2 15. Rb1 Bc7 {1-0 (44) Dzagnidze,N (2559)-Kosteniuk,A (2448) Batumi 2012}) 9... h6 10. Bb2 Re8 11. Re1 Rb8 12. d4 (12. Rc1 $11) 12... e4 $17 13. Ne5 Nxe5 14. dxe5 Bg4 15. f3 Bc5+ 16. Kh1 exf3 17. Bxf3 Bxf3+ 18. Qxf3 Nh7 $1 19. Rad1 Ng5 20. Qg2 Qc7 21. h4 Ne6 22. Nf3 Rbd8 23. Rd3 Rd7 24. Red1 Red8 25. Kh2 b5 {[%cal Bb7b5,Bb5b4][%mdl 32]} 26. c3 a5 27. Bc1 b4 28. Bd2 d4 (28... bxc3 {keeps more tension.} 29. Bxc3 d4 30. Be1 Bb4 31. Qe2 Qc6) 29. cxd4 ({White should try} 29. c4 $15) 29... Bxd4 30. Nxd4 Rxd4 ({Of course not} 30... Nxd4 $6 31. Bf4 $11) 31. Rxd4 Rxd4 32. Re1 Rd3 $36 {[%mdl 2048] Black is in control.} 33. Qa8+ Rd8 34. Qg2 h5 35. Bg5 Nxg5 36. hxg5 {[%mdl 4096] Endgame KQR-KQR} Qe7 37. g6 fxg6 38. e6 {[#]} Kh7 $2 (38... h4 $1 $19 {...Rd4 is the strong threat.} 39. Qf3 Rd2+ 40. Kg1 hxg3 41. Qxg3 Rd5) 39. Re2 {The position is equal.} Rd3 40. Qe4 Qd6 41. Qe5 Qe7 42. Rf2 {And now Rf7! would win.} Qd6 43. Re2 Qe7 44. Rf2 Qd6 45. Qxd6 Rxd6 $11 {KR-KR} 46. Re2 {aiming for e7.} Rd8 47. Re5 Kh6 48. g4 g5 49. e7 (49. gxh5 {is interesting.} Re8 50. Kg3 Kxh5 51. e7 Kg6 52. Kg4) 49... Re8 50. Re6+ g6 51. gxh5 Kxh5 52. Kg3 Kh6 53. Kg4 Kg7 54. Kxg5 Kf7 {[%mdl 64] [#] Double Attack} 55. Rf6+ Kxe7 56. Ra6 Kf7 57. Rxa5 Re7 {Accuracy: White = 65%, Black = 79%.} 1/2-1/2

[Event "Netanya Open 2019"]
[Site "Netanya"]
[Date "2019.06.28"]
[Round "6.6"]
[White "Kuzubov, Yuriy"]
[Black "Veinberg, Nimrod"]
[Result "1/2-1/2"]
[WhiteElo "2671"]
[BlackElo "2401"]
[Annotator "TA"]
[PlyCount "101"]
[EventDate "2019.06.23"]
[EventType "swiss"]
[EventCountry "ISR"]
[SourceTitle "playchess.com"]
[Source "ChessBase"]
[SourceQuality "1"]

{[%evp 16,101,14,19,15,19,14,16,4,6,5,8,18,20,14,16,21,14,18,5,12,0,14,0,68,61,57,42,84,54,61,70,62,54,53,15,15,16,13,11,4,0,0,0,0,-11,22,40,43,0,0,-24,-24,-24,-24,-24,-24,-24,-24,-24,0,-24,-6,-10,-12,-21,0,0,61,61,61,61,61,61,61,61,61,61,61,61,68,68,68,68,68,68,71,68]} 1. d4 Nf6 2. c4 e6 3. g3 d5 4. Nf3 Be7 5. Bg2 O-O 6. O-O dxc4 7. Qc2 a6 8. a4 c5 9. dxc5 Bxc5 {E05: Open Catalan: 5 Nf3 Be7} 10. Qxc4 b6 11. Ne5 Ra7 $1 {The position is equal.} 12. Nd3 Be7 13. Bf4 Bb7 14. Bxb7 Rxb7 15. Rc1 $36 {[%mdl 2048] [#] White is more active.} b5 $146 ({Predecessor:} 15... Nd5 16. Bxb8 b5 17. axb5 axb5 {½-½ (39) Aronian,L (2794)-Hou,Y (2654) Karlsruhe/Baden-Baden 2018}) 16. axb5 axb5 17. Qa2 Nd5 18. Nd2 {[%cal Bb1d2,Bd2f3,Bf3d4,Bd4c6][%mdl 32]} Nd7 19. Nf3 Nb4 (19... Nxf4 $11 20. gxf4 (20. Nxf4 Qb6 $11) 20... Bd6) 20. Nxb4 $14 Bxb4 21. Qb3 Qe7 22. Nd4 Bc5 $1 {[%cal Rc5d4]} 23. Nc6 ({And not} 23. Nxb5 e5 $17) 23... Qf6 24. Ra6 h6 25. Kg2 g5 26. Be3 Bxe3 27. Qxe3 Qxb2 28. Nd4 Nf6 {[#] Hoping for ...Nd5.} 29. Rc2 Qb4 30. Qf3 Qxd4 31. Qxb7 Nd5 32. Rc1 Qd2 33. Rb1 Qxe2 {...Qe4+ is the strong threat.} 34. Raa1 (34. Qxb5 Qxb5 35. Rxb5 Nc7 $17) 34... Qe4+ 35. Kg1 b4 36. Re1 Qf3 37. Ra7 h5 38. Qb5 Rc8 (38... Qc3 {with more complications.} 39. Rd1 g4 40. Rd7 Qe5 41. Rb7 Kg7) 39. Qe2 Qxe2 40. Rxe2 $11 {[%mdl 4096] Endgame KRR-KRN} Rc1+ 41. Kg2 Rc5 (41... Rc6 $11) 42. Rb7 $14 Kf8 43. Re5 h4 {[#]} 44. Rxb4 $1 {[%mdl 576] Pin} hxg3 (44... Nxb4 45. Rxc5) 45. Rb8+ ({Reject} 45. Rxg5 Ne3+ 46. fxe3 Rxg5 $11) 45... Ke7 46. hxg3 Kf6 47. Re2 Ne7 48. Reb2 Ng6 49. R8b5 Rc7 50. R2b3 {And now Rf3+ would win.} Ne5 51. Re3 {Accuracy: White = 68%, Black = 56%.} 1/2-1/2

[Event "Netanya Open 2019"]
[Site "Netanya"]
[Date "2019.06.28"]
[Round "6.7"]
[White "Shubin, Kirill"]
[Black "Moiseenko, Alexander"]
[Result "0-1"]
[WhiteElo "2426"]
[BlackElo "2642"]
[Annotator "TA"]
[PlyCount "96"]
[EventDate "2019.06.23"]
[EventType "swiss"]
[EventCountry "ISR"]
[SourceTitle "playchess.com"]
[Source "ChessBase"]
[SourceQuality "1"]

{[%evp 10,96,33,33,34,50,35,26,26,10,67,34,54,39,54,64,53,58,41,45,47,45,61,33,71,14,14,0,0,0,0,0,0,0,0,0,0,0,0,0,0,-2,-9,-18,0,-42,-13,-26,0,0,-13,-44,-22,-75,-66,-64,-51,-92,-42,-94,-94,-94,-76,-94,-94,-94,-94,-109,-116,-120,-102,-144,-160,-232,-216,-397,-409,-585,-583,-587,-543,-1008,-905,-29975,-6328,-3959,-3672,-8213,-6444]} 1. e4 c5 2. Nf3 Nc6 3. Bb5 e6 4. b3 Nge7 5. Bb2 Ng6 6. O-O a6 {B30: Sicilian: 2...Nc6 3 Bb5, lines without ...g6} (6... f6 7. Re1 Be7 8. Bxc6 bxc6 9. e5 O-O 10. exf6 gxf6 11. Nc3 e5 12. Na4 Kh8 13. c3 d5 14. d3 Rg8 15. Bc1 Bg4 16. h3 Bxf3 17. Qxf3 Nh4 18. Qh5 Nxg2 {0-1 (18) Ghaem Maghami,E (2554)-Moiseenko,A (2711) Khanty-Mansiysk 2013}) 7. Bxc6 bxc6 8. d4 f6 {White has an edge.} 9. Ba3 $146 ({Predecessor:} 9. c4 cxd4 10. Qxd4 c5 11. Qe3 Qc7 12. Nc3 Bb7 13. Ne2 Be7 14. h4 {½-½ (68) Golubovic,B (2450)-Kurajica,B (2545) Medulin 1997}) 9... d5 (9... cxd4 $11 10. Bxf8 (10. Nxd4 c5 $11) (10. Qxd4 Bxa3 11. Nxa3 d5 $11) 10... Kxf8) 10. Bxc5 dxe4 {Strongly threatening ...Bxc5.} 11. Nfd2 Bxc5 12. dxc5 Qd4 13. c3 Qxc5 14. Nxe4 Qd5 15. Re1 O-O 16. c4 Qe5 {[#]} 17. Nbd2 ({White should try} 17. Qd2 $1 $16) 17... Rd8 $11 18. Qc2 c5 19. Nf3 Qc7 20. Qc3 Bb7 21. Qe3 Rac8 (21... Bxe4 {seems wilder.} 22. Qxe4 e5 23. g3 a5 24. Rad1 Ne7) 22. Rad1 {Threatening Rxd8+.} e5 23. Rxd8+ Qxd8 24. Nc3 Nf4 25. Rd1 Qa5 {...Qxc3! is the strong threat.} 26. Na4 Ne6 (26... Qc7 {looks sharper.} 27. Ne1 Ne6 28. f3 Rb8 29. Nc2 a5) 27. h4 Nd4 28. Nxd4 cxd4 ({But not} 28... exd4 $2 29. Qe6+ Kh8 30. Qd7 $18) 29. Qh3 Qc7 30. Qe6+ Qf7 31. Qxf7+ (31. Qb6 $11) 31... Kxf7 {[%mdl 4096] Endgame KRB-KRN} 32. f3 Bc6 {Hoping for ...Bxa4.} 33. Nb2 Ke6 34. Kf2 (34. b4 $15) 34... h5 $17 35. Nd3 Be8 36. Re1 a5 37. Ke2 Bg6 38. Kd2 Kd6 39. Rc1 Bf5 40. Nb2 {[#]} Rg8 $1 41. c5+ (41. Rh1 $17) 41... Kd5 $19 42. f4 $2 (42. Ke1 {was necessary.}) 42... e4 43. c6 (43. Nc4 {is a better defense.} e3+ 44. Ke2) 43... g5 44. fxg5 fxg5 45. Na4 {Rc5+ would now be nice for White.} e3+ 46. Ke1 gxh4 {[%mdl 64] Discovered Attack} 47. Rc5+ Ke4 48. c7 h3 {Accuracy: White = 25%, Black = 66%.} 0-1